TV Shows by Family Quiz Stats

Quiz Updated Nov 1, 2015

Score 0/16 Timer 05:00
1 Play Today
% Correct
Two and a Half Men
96.1%
The Brady Bunch
93.8%
Full House
92.3%
Modern Family
90.7%
Sabrina the Teenage Witch
83.3%
Grey's Anatomy
80.9%
Gilmore Girls
77.6%
Family Matters
71.9%
% Correct
Sister, Sister
68.9%
The Andy Griffith Show
65.6%
Who's the Boss?
64.1%
The Waltons
56.7%
My Three Sons
43.7%
My Two Dads
36.9%
Punky Brewster
35.5%
The Fosters
23.6%

You're not logged in!

Compare scores with friends on all Sporcle quizzes.
Join for Free
OR
Log In

You Might Also Like...

Show Comments

Extras

Top Quizzes Today


Score Distribution

Your Account Isn't Verified!

In order to create a playlist on Sporcle, you need to verify the email address you used during registration. Go to your Sporcle Settings to finish the process.

Report this User

Report this user for behavior that violates our Community Guidelines.

Details: